| 000 | 00599nam a22001577a 4500 | ||
|---|---|---|---|
| 082 | _a200 | ||
| 100 | _aMuneer, Aamara | ||
| 245 |
_aThe impact of protracted Afghan refugees on socio-economic conditions of Peshawar and its remedial measures/ _cAamara Muneer |
||
| 260 |
_aIslamabad : _bMCE - NUST, _c2017. |
||
| 300 |
_axii, 83 p. : ill. ; _c30cm. |
||
| 650 |
_aMS-Basic sciences Humanities _9126585 |
||
| 700 |
_aSupervisor. Hassan Farooq. _9126586 |
||
| 856 | _u http://10.250.8.41:8080/xmlui/handle/123456789/20303 | ||
| 942 |
_2ddc _cSC |
||
| 999 |
_c540610 _d540610 |
||